Silicone based polymers: Emerging applications and latest advances (including innovations with foams) (Record no. 68705)

MARC details
000 -LEADER
fixed length control field 00596nam a2200133Ia 4500
100 ## - MAIN ENTRY--AUTHOR NAME
Personal name Buechel S
245 #0 - TITLE STATEMENT
Title Silicone based polymers: Emerging applications and latest advances (including innovations with foams)
260 ## - PUBLICATION, DISTRIBUTION, ETC. (IMPRINT)
Name of publisher Circular Economy, Recyclability and Sustainability of the Rubber Industry-A New Paradigm Shift: National Rubber Conference, 4-5 December 2019, All India Rubber Industries Association, Kolkata, India.
Year of publication Dec-19
650 ## - SUBJECT ADDED ENTRY--TOPICAL TERM
Topical Term Polymer
650 ## - SUBJECT ADDED ENTRY--TOPICAL TERM
Topical Term Silicone
856 ## - ELECTRONIC LOCATION AND ACCESS
Uniform Resource Identifier Ref only (In:Rubber India Jan 2020)
942 ## - ADDED ENTRY ELEMENTS (KOHA)
Koha item type Journals
Holdings
Withdrawn status Lost status Damaged status Not for loan Home library Current library Shelving location Date acquired Koha item type
      Journals RRII Library RRII Library Rubber technology 17/12/2021 Journals